[Event "FRA-chT"]
[Site "FRA"]
[Date "1998.02.06"]
[Round "1"]
[White "Apicella, Manuel"]
[Black "Hauchard, Arnaud"]
[Result "1/2-1/2"]
[WhiteElo "2520"]
[BlackElo "2480"]
[PlyCount "89"]
[EventDate "1998.02.06"]
[Source "ChesBase"]
[SourceDate "1998.07.07"]

1. e4 c6 2. d4 d5 3. e5 Bf5 4. Nc3 e6 5. g4 Bg6 6. Nge2 Ne7 7. Ng3 Nd7 8. Be3
f6 9. exf6 gxf6 10. Qd2 Qc7 11. O-O-O O-O-O 12. f4 Bf7 13. f5 e5 14. g5 Kb8 15.
dxe5 Nxe5 16. Nce4 fxg5 17. Nxg5 Nc8 18. Be2 Nb6 19. Qa5 Bd6 20. Nxf7 Nxf7 21.
Kb1 Rhe8 22. Bf2 Be5 23. c3 Nd6 24. Rhe1 Rf8 25. Bd3 Rde8 26. Re2 Bh8 27. Rde1
Rxe2 28. Rxe2 Re8 29. Rxe8+ Nxe8 30. Qb4 Qf7 31. Bxb6 axb6 32. Qxb6 Qe7 33. a4
Be5 34. Qe3 Nf6 35. Qg5 d4 36. cxd4 Bxd4 37. Qd2 Qe5 38. Ne2 Qxh2 39. Qb4 Qh1+
40. Kc2 c5 41. Qb6 Qd5 42. a5 Be5 43. b3 Qd6 44. Qxd6+ Bxd6 45. a6 1/2-1/2

[Event "FRA-chT"]
[Site "FRA"]
[Date "1998.02.06"]
[Round "1"]
[White "Beikert, Guenther"]
[Black "Conquest, Stuart"]
[Result "1/2-1/2"]
[WhiteElo "2495"]
[BlackElo "2480"]
[PlyCount "123"]
[EventDate "1998.02.06"]
[Source "ChesBase"]
[SourceDate "1998.07.07"]

1. e4 e5 2. Nf3 Nc6 3. Bb5 a6 4. Bxc6 dxc6 5. O-O Bg4 6. h3 h5 7. d3 Qf6 8. Be3
Bxf3 9. Qxf3 Qxf3 10. gxf3 Bd6 11. c4 Nf6 12. c5 Be7 13. Nd2 a5 14. a4 Nd7 15.
Rfe1 O-O 16. Nb3 Rfd8 17. Kf1 Nf8 18. d4 exd4 19. Nxd4 Bf6 20. Red1 Ng6 21. Nf5
Be5 22. Ke2 b6 23. cxb6 cxb6 24. Rxd8+ Rxd8 25. Rc1 b5 26. b3 bxa4 27. bxa4 Rb8
28. Rc5 Rb2+ 29. Kf1 Nf4 30. Bxf4 Bxf4 31. Ne7+ Kf8 32. Nxc6 g6 33. Rxa5 Rb1+
34. Kg2 Ke8 35. Ne5 Rb7 36. Nd3 Bc7 37. Rb5 Ra7 38. Rb4 Kd7 39. f4 Ke6 40. Kf3
f6 41. Nc5+ Kd6 42. Nb3 Kd7 43. Rd4+ Ke7 44. a5 Bxa5 45. Nxa5 Rxa5 46. Rd5 Ra3+
47. Kg2 Ra4 48. f3 h4 49. Rd2 Ke6 50. Kf2 Ra1 51. Rc2 Rh1 52. Kg2 Ra1 53. Rc6+
Kf7 54. Rc7+ Ke6 55. Rh7 Ra2+ 56. Kf1 g5 57. Rh6 gxf4 58. Rxh4 Ke5 59. Rg4 Ra1+
60. Kf2 Ra2+ 61. Kg1 Ra3 62. Kg2 1/2-1/2

[Event "FRA-chT"]
[Site "FRA"]
[Date "1998.02.06"]
[Round "1"]
[White "Berend, Elvira S"]
[Black "Mancini, Mario"]
[Result "1/2-1/2"]
[WhiteElo "2345"]
[BlackElo "2320"]
[PlyCount "60"]
[EventDate "1998.02.06"]
[Source "ChesBase"]
[SourceDate "1998.07.07"]

1. e4 e5 2. Nf3 Nc6 3. d4 exd4 4. Bc4 Bc5 5. c3 Nf6 6. b4 Bb6 7. e5 d5 8. exf6
dxc4 9. b5 Na5 10. Qe2+ Be6 11. fxg7 Rg8 12. Nxd4 Bxd4 13. cxd4 Rxg7 14. Bd2
Qxd4 15. Bc3 Qd5 16. f3 Rg5 17. Nd2 O-O-O 18. Ne4 Qxb5 19. Nxg5 Qxg5 20. O-O
Nc6 21. Rfd1 Rg8 22. Kh1 h5 23. Rd2 h4 24. Rad1 h3 25. g3 Qc5 26. Qe4 b5 27.
Bb4 Qb6 28. Ba5 Qc5 29. Bb4 Qb6 30. Ba5 Qc5 1/2-1/2

[Event "FRA-chT"]
[Site "FRA"]
[Date "1998.02.06"]
[Round "1"]
[White "Boudre, Jean Pierre"]
[Black "Riff, Sebastien"]
[Result "1-0"]
[WhiteElo "2380"]
[BlackElo "2235"]
[PlyCount "127"]
[EventDate "1998.02.06"]
[Source "ChesBase"]
[SourceDate "1998.07.07"]

1. e4 c5 2. Nf3 d6 3. d4 cxd4 4. Nxd4 Nf6 5. Nc3 e6 6. Bg5 Be7 7. Qd2 a6 8.
O-O-O Qc7 9. Kb1 Nbd7 10. f3 b5 11. h4 Bb7 12. Bxb5 axb5 13. Ndxb5 Qb8 14.
Nxd6+ Bxd6 15. Qxd6 Qxd6 16. Rxd6 h6 17. Bxf6 gxf6 18. Rhd1 Rd8 19. b3 Ke7 20.
Kc1 Ne5 21. Rxd8 Rxd8 22. Rxd8 Kxd8 23. Kd2 Ba6 24. Ke3 Kd7 25. Nd1 Nc6 26. c3
Ne7 27. Nf2 f5 28. c4 e5 29. g4 f4+ 30. Kd2 Nc6 31. Nd3 Kd6 32. Kc3 Nd4 33. Ne1
Kc5 34. b4+ Kb6 35. a3 f6 36. a4 Ne2+ 37. Kd3 Nd4 38. a5+ Kc6 39. Kc3 Ne2+ 40.
Kd3 Nc1+ 41. Kc2 Bxc4 42. Kxc1 Kb5 43. Kd2 Kxb4 44. Nd3+ Kxa5 45. Nc5 Bb5 46.
Ne6 Kb6 47. Ng7 Bd7 48. Nh5 Kc5 49. Nxf6 Be6 50. h5 Kd6 51. g5 Ke7 52. Nd5+ Kf7
53. gxh6 Kg8 54. Nf6+ Kh8 55. Kc3 Bh3 56. Kc4 Bg2 57. Kd5 Bxf3 58. Kxe5 Bxe4
59. Kxe4 f3 60. Ng4 Kh7 61. Kxf3 Kh8 62. Kf4 Kh7 63. Kg5 Kh8 64. Kg6 1-0

[Event "FRA-chT"]
[Site "FRA"]
[Date "1998.02.06"]
[Round "1"]
[White "Bouhallel, Rabah"]
[Black "Gueneau, Christophe"]
[Result "1/2-1/2"]
[WhiteElo "2255"]
[BlackElo "2175"]
[PlyCount "46"]
[EventDate "1998.02.06"]
[Source "ChesBase"]
[SourceDate "1998.07.07"]

1. d4 Nf6 2. Nf3 e6 3. c4 d5 4. Nc3 Be7 5. Bg5 h6 6. Bh4 O-O 7. e3 Ne4 8. Bxe7
Qxe7 9. Qc2 Nxc3 10. Qxc3 dxc4 11. Bxc4 b6 12. O-O Bb7 13. Be2 c5 14. dxc5 Rc8
15. b4 bxc5 16. b5 a6 17. a4 axb5 18. axb5 Nd7 19. Nd2 c4 20. Rxa8 Bxa8 21.
Bxc4 Qg5 22. f3 Nb6 23. Qd4 Rd8 1/2-1/2

[Event "FRA-chT"]
[Site "FRA"]
[Date "1998.02.06"]
[Round "1"]
[White "Brossard, Armel"]
[Black "Borne, Niels"]
[Result "1/2-1/2"]
[WhiteElo "2210"]
[BlackElo "2305"]
[PlyCount "84"]
[EventDate "1998.02.06"]
[Source "ChesBase"]
[SourceDate "1998.07.07"]

1. e4 c5 2. Nc3 Nc6 3. g3 g6 4. Bg2 Bg7 5. d3 d6 6. f4 e6 7. Nf3 Nge7 8. O-O
O-O 9. Be3 Nd4 10. e5 Nec6 11. Ne4 dxe5 12. Nxe5 Nxe5 13. fxe5 Bxe5 14. c3 Nf5
15. Bxc5 Bd7 16. Bxf8 Qxf8 17. d4 Bg7 18. Nc5 Bb5 19. Re1 e5 20. Nxb7 exd4 21.
Qb3 Ba6 22. Qa4 Bxb7 23. Bxb7 Rb8 24. Qxa7 dxc3 25. bxc3 Bxc3 26. Rad1 Bxe1 27.
Rxe1 Rd8 28. Qa5 Qd6 29. Bf3 Qd4+ 30. Kg2 Kg7 31. Qe5+ Qxe5 32. Rxe5 Nd4 33.
Rd5 Rxd5 34. Bxd5 f5 35. a4 Kf6 36. a5 Ke5 37. a6 Nb5 38. Bc4 Na7 39. h4 f4 40.
g4 h6 41. Kf3 g5 42. hxg5 hxg5 1/2-1/2

[Event "FRA-chT"]
[Site "FRA"]
[Date "1998.02.06"]
[Round "1"]
[White "Carton, Camille"]
[Black "Regan, Natasha"]
[Result "1-0"]
[WhiteElo "2080"]
[BlackElo "2160"]
[PlyCount "63"]
[EventDate "1998.02.06"]
[Source "ChesBase"]
[SourceDate "1998.07.07"]

1. e4 Nf6 2. Nc3 d5 3. exd5 Nxd5 4. Bc4 Nb6 5. Bb3 Bf5 6. Qf3 Qc8 7. Bxf7+ Kxf7
8. g4 e6 9. d3 Nc6 10. gxf5 exf5 11. Nge2 Ne5 12. Qg2 Bd6 13. Rg1 g6 14. Bf4 c6
15. O-O-O Qc7 16. Bxe5 Bxe5 17. h4 Nd7 18. d4 Bd6 19. d5 Rab8 20. Nd4 Bf4+ 21.
Kb1 Be5 22. dxc6 bxc6 23. Qxc6 Rxb2+ 24. Kc1 Qxc6 25. Nxc6 Bxc3 26. Rxd7+ Ke6
27. Rgd1 f4 28. f3 Rf8 29. R1d3 Bh8 30. R3d6+ Kf5 31. Ne7+ Ke5 32. Kxb2 1-0

[Event "FRA-chT"]
[Site "FRA"]
[Date "1998.02.06"]
[Round "1"]
[White "Chabanon, Jean Luc"]
[Black "Stromer, Alexander"]
[Result "1-0"]
[WhiteElo "2465"]
[BlackElo "2300"]
[PlyCount "55"]
[EventDate "1998.02.06"]
[Source "ChesBase"]
[SourceDate "1998.07.07"]

1. d4 Nc6 2. e4 d5 3. Nc3 Nf6 4. e5 Nd7 5. h4 Nb6 6. h5 f6 7. f4 Bf5 8. g4 Be4
9. Nxe4 dxe4 10. c3 e6 11. Ne2 Be7 12. exf6 gxf6 13. Ng3 Qd5 14. Qb3 Rg8 15.
Qxd5 Nxd5 16. Nxe4 Rxg4 17. Be2 Rg8 18. Bd2 h6 19. O-O-O f5 20. Nf2 Rg2 21.
Rdf1 Bd6 22. Bf3 Rg3 23. Nd3 Be7 24. Rhg1 Rxg1 25. Rxg1 Kf7 26. c4 Nxd4 27.
Ne5+ Kf8 28. cxd5 1-0

[Event "FRA-chT"]
[Site "FRA"]
[Date "1998.02.06"]
[Round "1"]
[White "Cramling, Pia"]
[Black "Siegel, Georg"]
[Result "1/2-1/2"]
[WhiteElo "2535"]
[BlackElo "2540"]
[PlyCount "34"]
[EventDate "1998.02.06"]
[Source "ChesBase"]
[SourceDate "1998.07.07"]

1. d4 d5 2. c4 e6 3. Nf3 Nf6 4. Nc3 Be7 5. Bg5 h6 6. Bh4 O-O 7. e3 b6 8. Qc2
Ba6 9. Bxf6 Bxf6 10. cxd5 Bxf1 11. Rxf1 exd5 12. O-O-O Nc6 13. g4 g6 14. h4 Bg7
15. g5 h5 16. Ne5 Ne7 17. f4 Rc8 1/2-1/2

[Event "FRA-chT"]
[Site "FRA"]
[Date "1998.02.06"]
[Round "1"]
[White "Cursoux, Laurent"]
[Black "Parr, Erik"]
[Result "1-0"]
[WhiteElo "2190"]
[BlackElo "2285"]
[PlyCount "67"]
[EventDate "1998.02.06"]
[Source "ChesBase"]
[SourceDate "1998.07.07"]

1. e4 c5 2. Nf3 Nc6 3. d4 cxd4 4. Nxd4 Nf6 5. Nc3 e5 6. Nxc6 bxc6 7. Bc4 Bb4 8.
O-O O-O 9. Bg5 h6 10. Bh4 d6 11. Qd3 Qe7 12. Rad1 Bg4 13. f3 Be6 14. Bxf6 Qxf6
15. a3 Bc5+ 16. Kh1 Rfd8 17. Na4 Bb6 18. Bxe6 Qxe6 19. c4 Bd4 20. Nc3 Rab8 21.
b4 a5 22. Rb1 axb4 23. axb4 Bxc3 24. Qxc3 d5 25. exd5 cxd5 26. c5 Qa6 27. Rfc1
d4 28. Qe1 Qa4 29. c6 d3 30. c7 Rbc8 31. cxd8=Q+ Rxd8 32. Qxe5 Qc2 33. Rxc2
dxc2 34. Rc1 1-0

[Event "FRA-chT"]
[Site "FRA"]
[Date "1998.02.06"]
[Round "1"]
[White "Degraeve, Jean Marc"]
[Black "Rausis, Igors"]
[Result "1/2-1/2"]
[WhiteElo "2525"]
[BlackElo "2520"]
[PlyCount "72"]
[EventDate "1998.02.06"]
[Source "ChesBase"]
[SourceDate "1998.07.07"]

1. e4 d5 2. exd5 Nf6 3. Bb5+ Bd7 4. Be2 Nxd5 5. d4 Bf5 6. Nf3 e6 7. O-O Be7 8.
c3 O-O 9. Re1 c5 10. Qb3 Qc7 11. Bc4 Nb6 12. Bf1 Nc6 13. Na3 a6 14. dxc5 Bxc5
15. Nc4 Nxc4 16. Qxc4 Bd6 17. Be3 e5 18. Rad1 Be6 19. Qh4 Be7 20. Bg5 f6 21.
Bd3 g6 22. Bh6 Rf7 23. Qg3 Bf8 24. Bxf8 Raxf8 25. Bb1 Rg7 26. Nd2 Kh8 27. Ne4
Bf5 28. Qh4 g5 29. Qg3 Ne7 30. Qe3 Ng6 31. Nc5 Bc8 32. Bxg6 Rxg6 33. Rd2 Rg7
34. Red1 Bg4 35. f3 Bc8 36. Ne4 g4 1/2-1/2

[Event "FRA-chT"]
[Site "FRA"]
[Date "1998.02.06"]
[Round "1"]
[White "Delebarre, Xavier"]
[Black "Maier, Christian"]
[Result "1/2-1/2"]
[WhiteElo "2270"]
[BlackElo "2380"]
[PlyCount "189"]
[EventDate "1998.02.06"]
[Source "ChesBase"]
[SourceDate "1998.07.07"]

1. h3 b5 2. e4 Bb7 3. d3 c5 4. g4 d5 5. Bg2 e6 6. exd5 Bxd5 7. Nf3 Nd7 8. Nc3
Bc6 9. Bf4 Ngf6 10. Qe2 Qa5 11. O-O b4 12. Ne4 Nxe4 13. Ne5 Nxe5 14. Bxe5 Rd8
15. Bxe4 Qb6 16. Rfe1 Qb7 17. a3 Bxe4 18. Qxe4 Qxe4 19. Rxe4 b3 20. cxb3 Rxd3
21. b4 f6 22. Bb8 Kf7 23. Bxa7 cxb4 24. axb4 Bd6 25. Bc5 Bb8 26. Ra3 Rd1+ 27.
Kg2 h5 28. g5 e5 29. gxf6 gxf6 30. Rae3 Rd5 31. Rc3 f5 32. Re1 Rd2 33. Rb1 f4
34. Kf3 Ke6 35. Ke4 Rhd8 36. Ra1 Re2+ 37. Kf3 Rdd2 38. Rca3 e4+ 39. Kg2 e3 40.
Rf1 Kf5 41. Kg1 Rxb2 42. Ra8 Be5 43. Rf8+ Ke4 44. Re8 Rxf2 45. Rxf2 exf2+ 46.
Kg2 f3+ 47. Kf1 Kf4 48. Bxf2 Rb1+ 49. Be1 Bd4 50. Rf8+ Ke4 51. Re8+ Kd3 52. Rf8
f2 53. Rxf2 Bxf2 54. Kxf2 Ke4 55. h4 Kf4 56. Bc3 Rb3 57. Bf6 Rxb4 58. Kg2 Rc4
59. Bg5+ Kg4 60. Bf6 Rc2+ 61. Kh1 Kf3 62. Be5 Rc6 63. Kg1 Kg4 64. Kg2 Rc2+ 65.
Kh1 Kxh4 66. Bf6+ Kh3 67. Bd4 Rh2+ 68. Kg1 Rd2 69. Be5 Rg2+ 70. Kf1 Rg4 71. Bd6
h4 72. Kf2 Rg2+ 73. Kf1 Rd2 74. Bc7 Rd1+ 75. Kf2 Rb1 76. Bd6 Kg4 77. Kg2 Rb2+
78. Kh1 Kf3 79. Be5 Rc2 80. Bb8 h3 81. Be5 h2 82. Bxh2 Rc1+ 83. Bg1 Rb1 84. Kh2
Rb2+ 85. Kh1 Kg3 86. Bc5 Rh2+ 87. Kg1 Rd2 88. Kh1 Rd1+ 89. Bg1 Rd5 90. Bh2+ Kf2
91. Bg1+ Kf1 92. Bh2 Rg5 93. Bc7 Rg7 94. Bd6 Rh7+ 95. Bh2 1/2-1/2

[Event "FRA-chT"]
[Site "FRA"]
[Date "1998.02.06"]
[Round "1"]
[White "Dezan, Pierre"]
[Black "Salus, Stephane"]
[Result "0-1"]
[WhiteElo "2210"]
[BlackElo "2200"]
[PlyCount "76"]
[EventDate "1998.02.06"]
[Source "ChesBase"]
[SourceDate "1998.07.07"]

1. e4 c5 2. Nf3 Nc6 3. d4 cxd4 4. Nxd4 e5 5. Nb5 d6 6. N1c3 a6 7. Na3 Nf6 8.
Bg5 Be7 9. Nc4 Nd4 10. Bxf6 Bxf6 11. Nd5 b5 12. Ncb6 Rb8 13. Nxc8 Rxc8 14. c3
Ne6 15. a4 O-O 16. axb5 axb5 17. Bxb5 Rb8 18. Bc6 Rxb2 19. Ra8 Rb8 20. Rxb8
Qxb8 21. Nxf6+ gxf6 22. Bd5 Nf4 23. O-O Kh8 24. g3 Nxd5 25. exd5 Qc8 26. Qd2
Qf5 27. c4 Rb8 28. Qa2 Qd3 29. Kg2 Kg7 30. Rc1 Rb3 31. Qc2 Qf3+ 32. Kg1 Rd3 33.
Qa4 e4 34. Qa7 Qe2 35. Rf1 Rf3 36. Qd4 h5 37. c5 dxc5 38. Qxc5 e3 0-1

[Event "FRA-chT"]
[Site "FRA"]
[Date "1998.02.06"]
[Round "1"]
[White "Dunnington, Angus J"]
[Black "Gachon, Lionel"]
[Result "0-1"]
[WhiteElo "2390"]
[BlackElo "2315"]
[PlyCount "70"]
[EventDate "1998.02.06"]
[Source "ChesBase"]
[SourceDate "1998.07.07"]

1. Nf3 Nf6 2. g3 g6 3. b3 Bg7 4. Bb2 O-O 5. Bg2 d6 6. d4 e5 7. dxe5 Nfd7 8. O-O
dxe5 9. e4 Re8 10. Re1 a5 11. a4 Nc6 12. Nc3 Nd4 13. Nb5 Nxb5 14. axb5 Qf6 15.
b4 Qb6 16. c4 Ra7 17. Qa4 Qe6 18. bxa5 Nb6 19. Qb3 Nxc4 20. Ng5 Qe7 21. Qxc4
Qxg5 22. Qxc7 Qd2 23. Bc3 Qc2 24. Rec1 Qd3 25. b6 Ra8 26. Rd1 Qc2 27. Rdc1 Qd3
28. Rd1 Qc2 29. Rd2 Qb3 30. Rb2 Qe6 31. Rd2 Qb3 32. Rb2 Qe6 33. Rd1 Bf6 34.
Rbd2 Qb3 35. Qc5 Bg4 0-1

[Event "FRA-chT"]
[Site "FRA"]
[Date "1998.02.06"]
[Round "1"]
[White "Duquesnoy, Jean Philip"]
[Black "Toulzac, Pierre Yves"]
[Result "1/2-1/2"]
[WhiteElo "2240"]
[BlackElo "2265"]
[PlyCount "38"]
[EventDate "1998.02.06"]
[Source "ChesBase"]
[SourceDate "1998.07.07"]

1. d4 Nf6 2. c4 e5 3. dxe5 Ne4 4. Nf3 Bb4+ 5. Nbd2 d5 6. a3 Bxd2+ 7. Nxd2 O-O
8. Nxe4 dxe4 9. Qxd8 Rxd8 10. Bg5 Re8 11. O-O-O Nc6 12. f4 exf3 13. exf3 Nxe5
14. Be2 Be6 15. b3 b5 16. cxb5 Bxb3 17. Rd4 c5 18. bxc6 Nxc6 19. Re4 Nd4
1/2-1/2

[Event "FRA-chT"]
[Site "FRA"]
[Date "1998.02.06"]
[Round "1"]
[White "Eliet, Nicolas"]
[Black "Relange, Eloi"]
[Result "1/2-1/2"]
[WhiteElo "2355"]
[BlackElo "2490"]
[PlyCount "55"]
[EventDate "1998.02.06"]
[Source "ChesBase"]
[SourceDate "1998.07.07"]

1. d4 e6 2. c4 f5 3. g3 Nf6 4. Bg2 d5 5. Nh3 c6 6. Qc2 Bd6 7. Bf4 Be7 8. O-O
O-O 9. Nd2 h6 10. Bxb8 Rxb8 11. Nf4 Kh7 12. e3 Bd7 13. Nf3 g5 14. Nd3 Be8 15.
Rac1 Bd6 16. Nfe5 h5 17. b4 h4 18. a4 hxg3 19. hxg3 Ne4 20. Rb1 Rc8 21. c5 Bc7
22. Bf3 Kg7 23. Kg2 Nf6 24. Rh1 Nd7 25. Qb2 Nxe5 26. dxe5 Bg6 27. Qd4 Qd7 28.
Be2 1/2-1/2

[Event "FRA-chT"]
[Site "FRA"]
[Date "1998.02.06"]
[Round "1"]
[White "Forintos, Gyozo V"]
[Black "Dieu, Bruno"]
[Result "1-0"]
[WhiteElo "2395"]
[BlackElo "2275"]
[PlyCount "91"]
[EventDate "1998.02.06"]
[Source "ChesBase"]
[SourceDate "1998.07.07"]

1. d4 e6 2. c4 b6 3. a3 Bb7 4. Nc3 Nf6 5. d5 exd5 6. cxd5 Bc5 7. Nf3 O-O 8. b4
Be7 9. e4 a5 10. b5 d6 11. Bd3 Nfd7 12. Nd4 Bf6 13. Be3 Ne5 14. Be2 Nbd7 15.
O-O Nc5 16. Rb1 Qe8 17. Qd2 Bc8 18. f3 Bd7 19. Rfc1 Rd8 20. Nd1 Ng6 21. Nf2 Qe7
22. Nc6 Bxc6 23. bxc6 Rfe8 24. Re1 h5 25. Bb5 Qf8 26. Rec1 Bh4 27. g3 Be7 28.
Qc2 Ne5 29. Be2 h4 30. f4 Ng6 31. Bf3 Bf6 32. Re1 hxg3 33. hxg3 Qe7 34. Kg2 a4
35. Rb4 Ra8 36. Re2 Ra5 37. Ng4 Nb3 38. Qd1 b5 39. Qc2 Qd8 40. Bf2 Be7 41. Re1
Qa8 42. Rh1 Bf6 43. Nxf6+ gxf6 44. Qc3 Kg7 45. Rh5 Qd8 46. Rxb3 1-0

[Event "FRA-chT"]
[Site "FRA"]
[Date "1998.02.06"]
[Round "1"]
[White "Fressinet, Laurent"]
[Black "Fontaine, Robert"]
[Result "1/2-1/2"]
[WhiteElo "2450"]
[BlackElo "2365"]
[PlyCount "67"]
[EventDate "1998.02.06"]
[Source "ChesBase"]
[SourceDate "1998.07.07"]

1. e4 c5 2. Nf3 a6 3. c3 d5 4. exd5 Qxd5 5. d4 e6 6. Be2 Nf6 7. O-O Nc6 8. Be3
cxd4 9. Nxd4 Nxd4 10. Bxd4 Bc5 11. Bf3 Qd6 12. Bxf6 Qxd1 13. Rxd1 gxf6 14. Nd2
f5 15. Nc4 O-O 16. Rd2 Rb8 17. Rad1 b5 18. Ne5 Rb6 19. g3 Be7 20. Nd7 Bxd7 21.
Rxd7 Bf6 22. R1d2 b4 23. cxb4 Rxb4 24. b3 a5 25. Ra7 Bd8 26. Bh5 Bb6 27. Rad7
Kg7 28. Kg2 Kf6 29. Be2 a4 30. Bc4 axb3 31. axb3 Ra8 32. Rb7 Bc5 33. Rc7 Bb6
34. Rb7 1/2-1/2

[Event "FRA-chT"]
[Site "FRA"]
[Date "1998.02.06"]
[Round "1"]
[White "Gervais, Claire"]
[Black "Lefebvre, Herve"]
[Result "0-1"]
[WhiteElo "2265"]
[BlackElo "2125"]
[PlyCount "68"]
[EventDate "1998.02.06"]
[Source "ChesBase"]
[SourceDate "1998.07.07"]

1. d4 Nf6 2. c4 g6 3. Nc3 Bg7 4. e4 d6 5. Bd3 O-O 6. Nge2 Nc6 7. O-O e5 8. d5
Nd4 9. Nxd4 exd4 10. Nb5 Re8 11. Re1 a6 12. Nxd4 Nxd5 13. Nc2 Nb6 14. Ne3 Nd7
15. Rb1 Nc5 16. f3 a5 17. Bc2 Be5 18. b3 c6 19. Bb2 Qf6 20. Ba1 h5 21. a3 Ne6
22. Re2 Qf4 23. Nf1 Ng5 24. Rd2 Be6 25. Bxe5 dxe5 26. c5 h4 27. Rd3 a4 28. b4
Bc4 29. Rd6 h3 30. Qd2 hxg2 31. Qxf4 gxf1=Q+ 32. Rxf1 exf4 33. Rc1 Nxf3+ 34.
Kf2 Ne5 0-1

[Event "FRA-chT"]
[Site "FRA"]
[Date "1998.02.06"]
[Round "1"]
[White "Giacomini, Hector"]
[Black "Kosten, Anthony C"]
[Result "0-1"]
[WhiteElo "2305"]
[BlackElo "2535"]
[PlyCount "60"]
[EventDate "1998.02.06"]
[Source "ChesBase"]
[SourceDate "1998.07.07"]

1. d4 Nf6 2. Nf3 g6 3. c4 Bg7 4. Nc3 O-O 5. e3 c5 6. dxc5 Na6 7. Be2 Nxc5 8.
O-O b6 9. Nd4 Bb7 10. b4 Nce4 11. Nxe4 Nxe4 12. Bb2 Rc8 13. Rc1 d5 14. f3 Nf6
15. Qb3 e5 16. Nb5 a6 17. Nc3 dxc4 18. Bxc4 b5 19. Be2 Bh6 20. Nd1 Qd2 21. Qd3
Rfd8 22. Qxd2 Rxd2 23. Rxc8+ Bxc8 24. Kf2 Nd5 25. Bxe5 Nxb4 26. Nb2 Bg7 27.
Bxg7 Kxg7 28. a3 Rxb2 29. axb4 Be6 30. Re1 Rxb4 0-1

[Event "FRA-chT"]
[Site "FRA"]
[Date "1998.02.06"]
[Round "1"]
[White "Guadalpi, Celine"]
[Black "Wohlers Armas, Rike"]
[Result "0-1"]
[WhiteElo "2005"]
[BlackElo "2205"]
[PlyCount "105"]
[EventDate "1998.02.06"]
[Source "ChesBase"]
[SourceDate "1998.07.07"]

1. e4 c5 2. c3 b6 3. d4 Bb7 4. Bd3 Nf6 5. Qe2 cxd4 6. cxd4 Nc6 7. Nf3 Nb4 8.
Nc3 Nxd3+ 9. Qxd3 e6 10. O-O Bb4 11. e5 Nd5 12. Bg5 f6 13. Nxd5 Bxd5 14. exf6
gxf6 15. Bh4 Qe7 16. Nd2 Bxd2 17. Qxd2 Qg7 18. f3 Rg8 19. a4 Rc8 20. Rac1 Kf7
21. Bg3 Rc6 22. Rxc6 Bxc6 23. a5 Qg5 24. Qxg5 Rxg5 25. axb6 axb6 26. Rd1 Rb5
27. Rd2 Ke7 28. Kf2 d6 29. Rc2 Kd7 30. Bh4 f5 31. Bf6 Rb3 32. Kg3 Rd3 33. Kf4
Rd1 34. Ke3 Ba4 35. Rd2 f4+ 36. Ke2 Rh1 37. Kd3 Rxh2 38. Ke4 Rh5 39. Bh8 Rh4
40. Bf6 Bc6+ 41. Kd3 Rh5 42. Ke2 Bb5+ 43. Kf2 Rh1 44. g4 fxg3+ 45. Kxg3 Rh6 46.
Bg5 Rg6 47. Kh4 Bc6 48. f4 Be4 49. Kh5 Bf3+ 50. Kh4 h6 51. Bxh6 Rxh6+ 52. Kg3
Bd5 53. Rc2 0-1

[Event "FRA-chT"]
[Site "FRA"]
[Date "1998.02.06"]
[Round "1"]
[White "Guadalpi, David"]
[Black "Goldgewicht, Lionel"]
[Result "0-1"]
[WhiteElo "2260"]
[BlackElo "2365"]
[PlyCount "58"]
[EventDate "1998.02.06"]
[Source "ChesBase"]
[SourceDate "1998.07.07"]

1. e4 e6 2. d4 d5 3. Nc3 Nf6 4. e5 Ne4 5. Nce2 f6 6. f3 Ng5 7. h4 Nf7 8. f4 c5
9. c3 Nc6 10. Nf3 f5 11. g3 Nh6 12. Bh3 b6 13. Qa4 Qd7 14. Ng5 a5 15. Be3 Ba6
16. Qc2 Be7 17. Rd1 Rc8 18. Rg1 O-O 19. Rg2 Bb5 20. dxc5 bxc5 21. g4 Bxg5 22.
hxg5 Nxg4 23. Bxg4 fxg4 24. c4 Nb4 25. Qc3 Ba4 26. Rd2 d4 27. Qc1 Qb7 28. Nxd4
cxd4 29. Bxd4 Qe4+ 0-1

[Event "FRA-chT"]
[Site "FRA"]
[Date "1998.02.06"]
[Round "1"]
[White "Hamdouchi, Hichem"]
[Black "Belkhodja, Slim"]
[Result "1/2-1/2"]
[WhiteElo "2535"]
[BlackElo "2405"]
[PlyCount "64"]
[EventDate "1998.02.06"]
[Source "ChesBase"]
[SourceDate "1998.07.07"]

1. e4 c5 2. Nc3 Nc6 3. g3 g6 4. Bg2 Bg7 5. d3 d6 6. f4 Nh6 7. Nf3 O-O 8. O-O f5
9. h3 Kh8 10. Be3 b5 11. Nh4 b4 12. Ne2 fxe4 13. dxe4 Ba6 14. f5 Bxe2 15. Qxe2
Ne5 16. Rad1 Qe8 17. g4 Nhf7 18. g5 Nd8 19. fxg6 Rxf1+ 20. Rxf1 hxg6 21. Nf5
Ndf7 22. Nxg7 Kxg7 23. h4 Qd7 24. h5 gxh5 25. g6 Nh6 26. Bxh6+ Kxh6 27. Rf5 Kg7
28. Bh3 e6 29. Rxh5 Rh8 30. Rxh8 Kxh8 31. Qh5+ Kg7 32. Qh7+ Kf6 1/2-1/2

[Event "FRA-chT"]
[Site "FRA"]
[Date "1998.02.06"]
[Round "1"]
[White "Ikonnikov, Vyacheslav"]
[Black "Herb, Pascal"]
[Result "1-0"]
[WhiteElo "2550"]
[BlackElo "2345"]
[PlyCount "74"]
[EventDate "1998.02.06"]
[Source "ChesBase"]
[SourceDate "1998.07.07"]

1. d4 Nf6 2. Nf3 d5 3. c4 e6 4. Nc3 Be7 5. Bg5 O-O 6. e3 c5 7. dxc5 Qa5 8. cxd5
Nxd5 9. Bxe7 Nxe7 10. Bd3 Qxc5 11. O-O Nbc6 12. Rc1 Rd8 13. Qe2 Nf5 14. a3 Qe7
15. Ne4 Bd7 16. Nc5 Be8 17. Rc3 Nd6 18. Rfc1 e5 19. Qc2 g6 20. b4 a5 21. b5 Nb4
22. axb4 axb4 23. Rb3 Rac8 24. Qb1 e4 25. Nxe4 Rxc1+ 26. Qxc1 Nxe4 27. Bxe4
Qxe4 28. Nd4 Bd7 29. Rxb4 Rc8 30. Qa1 h5 31. h3 Qd3 32. Rb1 Rc5 33. Rd1 Qe4 34.
b6 Kh7 35. Nf3 Rd5 36. Rxd5 Qxd5 37. Qf6 Qe6 1-0

[Event "FRA-chT"]
[Site "FRA"]
[Date "1998.02.06"]
[Round "1"]
[White "Koch, Jean Rene"]
[Black "Desbones, Samy"]
[Result "1-0"]
[WhiteElo "2490"]
[BlackElo "2220"]
[PlyCount "97"]
[EventDate "1998.02.06"]
[Source "ChesBase"]
[SourceDate "1998.07.07"]

1. e4 c5 2. Nf3 d6 3. d4 cxd4 4. Nxd4 Nf6 5. Nc3 g6 6. g3 Nc6 7. Nde2 b6 8. Bg2
Ba6 9. O-O Bg7 10. a4 Rc8 11. Nb5 O-O 12. h3 Bb7 13. Re1 Nd7 14. c3 Nc5 15.
Ned4 a6 16. Nxc6 Rxc6 17. Nd4 Rc7 18. Nb3 Qa8 19. Nxc5 bxc5 20. Qc2 Bc6 21. Bd2
Rb8 22. b3 Qb7 23. Rab1 Qc8 24. Bf1 a5 25. Kh2 Ra7 26. Bf4 Bd7 27. h4 Rb6 28.
Bc4 Be6 29. Qd3 h5 30. Bd5 Rc7 31. Qc4 Bxd5 32. exd5 Rcb7 33. Bg5 Qe8 34. Re2
Ra7 35. Rbe1 Rbb7 36. Kg2 Qf8 37. f3 Kh7 38. g4 hxg4 39. fxg4 Be5 40. Rf1 f6
41. Bf4 Bxf4 42. Rxf4 Ra8 43. g5 Kg7 44. Re6 Rab8 45. Qf1 f5 46. h5 gxh5 47.
Rxf5 Qg8 48. Qf3 Rf8 49. Qxh5 1-0

[Event "FRA-chT"]
[Site "FRA"]
[Date "1998.02.06"]
[Round "1"]
[White "Legky, Nikolay A"]
[Black "Kallai, Gabor"]
[Result "0-1"]
[WhiteElo "2480"]
[BlackElo "2470"]
[PlyCount "50"]
[EventDate "1998.02.06"]
[Source "ChesBase"]
[SourceDate "1998.07.07"]

1. d4 d5 2. c4 dxc4 3. e3 c5 4. Bxc4 cxd4 5. exd4 Qc7 6. Bb3 Bg4 7. f3 Bd7 8.
Nc3 e6 9. f4 Nf6 10. Nf3 Be7 11. O-O Nc6 12. Kh1 O-O 13. Ne5 Rfd8 14. Nxf7 Kxf7
15. f5 Kg8 16. fxe6 Be8 17. Bf4 Qb6 18. d5 Na5 19. Bc2 Qxb2 20. Rc1 Rac8 21.
Qe2 Kh8 22. d6 Bxd6 23. Bxd6 Rxd6 24. Qe5 Rd2 25. Qxa5 Qxc3 0-1